| 000 | 00541nam a2200181Ia 4500 | ||
|---|---|---|---|
| 001 | 3669 | ||
| 005 | 20260306145700.0 | ||
| 008 | 260306t2024||||xx |||||||||||||| ||spa|| | ||
| 041 | _aESP | ||
| 082 |
_a301.092 _bZ89 |
||
| 100 |
_aZubieta Núñez, Filomeno, _eAUT |
||
| 245 | 0 |
_aRomán Robles Mendoza : _bantropólogo de la vida cotidiana de los campesinos. Edición de homenaje en el 90° aniversario de su nacimiento |
|
| 260 | _c2024 | ||
| 300 |
_a120 páginas : _c30 cm. |
||
| 650 | _aGEN | ||
| 654 | _aCHU | ||
| 942 |
_cLIB _dJUS _fJUS _2ddc _n |
||
| 999 |
_c3669 _d3669 |
||